000 00770nam a2200241 a 4500
001 59233
003 BD-RjUL
005 20211209080716.0
008 161222s1984 ii b 001 0 eng
020 _cRs120.00
035 _a(BD-RjUL)59357
040 _aDLC
_cDLC
_dDLC
_beng
041 _aeng
082 0 0 _a343.54052
_bAGT 1984
100 1 _aAgarwal, Minu.
_9176172
245 1 0 _aTaxation of income and tax laws :
_ba case analysis of the judicial tailorization of the concept of income /
_cMinu Agarwal.
260 _aNew Delhi :
_bDeep & Deep,
_cc1984.
300 _a240 p. ;
_c23 cm.
504 _aIncludes Bibliography: p. [235]-237. and index.
650 0 _aIncome tax
_xLaw and legislation
_zIndia.
_9174981
942 _2ddc
_cBK
999 _c59233
_d59233